Evolution revolution : [from Darwin to DNA] (Record no. 396523)

MARC details
000 -LEADER
fixed length control field 00276nam a2200097Ia 4500
082 ## - DEWEY DECIMAL CLASSIFICATION NUMBER
Classification number J 576.8 WINS
008 - FIXED-LENGTH DATA ELEMENTS--GENERAL INFORMATION
fixed length control field 210817s9999 xx 000 0 und d
100 ## - MAIN ENTRY--PERSONAL NAME
Personal name WINSTON, Robert London, 2009
9 (RLIN) 83958
245 #0 - TITLE STATEMENT
Title Evolution revolution : [from Darwin to DNA]
942 ## - ADDED ENTRY ELEMENTS
item type Books
Holdings
Withdrawn status Lost status Damaged status Not for loan Home library Current library Date acquired Cost, normal purchase price Total Checkouts Barcode Date last seen Price effective from item type
        Vukuzakhe (do not use) Vukuzakhe (do not use) 20.08.2021 255.00   33228022583536 20.08.2021 20.08.2021 Books